Next generation application integration : (رقم التسجيلة. 40380)
[ عرض عادي ]
| 000 -الفاتح | |
|---|---|
| حقل البيانات ثابتة الطول | 01242cam a22003134a 4500 |
| 001 - رقم الضبط | |
| رقم الضبط | 13184345 |
| 003 - محدد رقم الضبط | |
| رقم الضبط | OSt |
| 005 - وقت وتاريخ اخر تعامل مع التسجيلة | |
| رقم الضبط | 20170803184511.0 |
| 008 - عناصر البيانات ثابتة الطول - معلومات عامة | |
| حقل البيانات ثابتة الطول | 030502s2004 maua b 001 0 eng |
| 010 ## - رقم ضبط مكتبة الكونجرس | |
| رقم ضبط مكتبة الكونجرس | 2003010186 |
| 020 ## - الرقم الدولى المعيارى للكتب | |
| الرقم الدولى المعيارى للكتاب | 0201844567 (pbk. : alk. paper) |
| 040 ## - مصدر الفهرسة | |
| وكالة الفهرسة الأصلية | DLC |
| وكالة النسخ | DLC |
| وكالة التعديل | DLC |
| 042 ## - رمز التحقق | |
| رمز التحقق | pcc |
| 050 00 - رقم طلب مكتبة الكونجرس | |
| رقم التصنيف | QA76.76.A65 |
| رقم المادة | L58 2004 |
| 082 00 - رقم تصنيف ديوى العشرى | |
| رقم التصنيف | 005.276 |
| رقم الطبعة | 21 |
| رقم المادة | LDN |
| 100 1# - المدخل الرئيسى - إسم شخصى | |
| الإسم الشخصى | Linthicum, David S., |
| التواريخ المصاحبة للاسم | 1962- |
| 9 (RLIN) | 58359 |
| 245 10 - بيان العنوان | |
| العنوان | Next generation application integration : |
| بقية العنوان | from simple information to Web services / |
| بيان المسئوليه,etc | David S. Linthicum. |
| 260 ## - PUBLICATION, DISTRIBUTION, ETC. (IMPRINT) | |
| مكان الناشر او الموزع | Boston : |
| اسم الناشر او الموزع | Addison-Wesley, |
| تاريخ النشر أو التوزيع | 2004. |
| 300 ## - الوصف المادى | |
| التعداد | xxiii, 488 p. : |
| تفاصيل ماديه اخرى للوعاء | ill. ; |
| أبعاد الوعاء | 24 cm. |
| 440 #0 - بيان السلسلة/مدخل إضافى-العنوان | |
| العنوان | Addison-Wesley information technology series |
| 9 (RLIN) | 19322 |
| 504 ## - تبصرة ببليوجرافية | |
| تبصرة ببليوجرافية,الخ | Includes bibliographical references (p. 463-470) and index. |
| 650 #0 - المدخل الاضافى بالموضوع-مصطلح موضوعى | |
| مصطلح موضوعي أو اسم جغرافي كعنصر مدخل | Application software |
| التقسيم الفرعي العام | Development. |
| 9 (RLIN) | 58360 |
| 650 #0 - المدخل الاضافى بالموضوع-مصطلح موضوعى | |
| مصطلح موضوعي أو اسم جغرافي كعنصر مدخل | Business enterprises |
| التقسيم الفرعي العام | Data processing. |
| 9 (RLIN) | 42136 |
| 650 #0 - المدخل الاضافى بالموضوع-مصطلح موضوعى | |
| مصطلح موضوعي أو اسم جغرافي كعنصر مدخل | Web services. |
| 9 (RLIN) | 58361 |
| 856 41 - الوصول و الموقع الالكترونى | |
| مواد محددة | Table of contents |
| معرف المصدر الموحد | <a href="http://www.loc.gov/catdir/toc/ecip043/2003010186.html">http://www.loc.gov/catdir/toc/ecip043/2003010186.html</a> |
| 906 ## - عنصر بيانات محلى F, LDF (RLIN) | |
| a | 7 |
| b | cbc |
| c | orignew |
| d | 1 |
| e | ecip |
| f | 20 |
| g | y-gencatlg |
| 942 ## - عناصر المدخل الإضافي( كوها) | |
| مصدر التصنيف او مخطط الترفيف | Dewey Decimal Classification |
| Koha [default] item type | كتاب |
| حالة الفقد | نموذج السعر الفعال | حالة تلف | ليس للاعارة | رقم الطلب | تاريخ الاكتساب | الموقع الحالي | الباركود | الفرع الرئيسي | Date last seen | نوع المادة فى نظام كوها | مصدر التصنيف او خطة الترفيف | Total Checkouts |
|---|---|---|---|---|---|---|---|---|---|---|---|---|
| 2017-08-03 | 005.276 LDN | 2017-08-03 | المكتبة المركزية بالمجمعة (CL) | 00656020 | المكتبة المركزية بالمجمعة (CL) | 2017-08-03 | كتاب | Dewey Decimal Classification | ||||
| 2017-08-03 | 005.276 LDN | 2017-08-03 | المكتبة المركزية بالمجمعة (CL) | 00656021 | المكتبة المركزية بالمجمعة (CL) | 2017-08-03 | كتاب | Dewey Decimal Classification | ||||
| 2017-08-03 | 005.276 LDN | 2017-08-03 | المكتبة المركزية بالمجمعة (CL) | 00656022 | المكتبة المركزية بالمجمعة (CL) | 2017-08-03 | كتاب | Dewey Decimal Classification |
